|
|
|
|
| LEADER |
01091nam a2200265 u 4500 |
| 001 |
10065099 |
| 003 |
upatras |
| 005 |
20210117201308.0 |
| 008 |
080108s1977 uk eng |
| 020 |
|
|
|a 094689714X
|
| 040 |
|
|
|a ΠΑΝΕΠΙΣΤΗΜΙΟ ΠΑΤΡΑΣ
|c ΠΑΝΕΠΙΣΤΗΜΙΟ ΠΑΤΡΑΣ
|
| 041 |
0 |
|
|a eng
|
| 082 |
0 |
4 |
|a 722.8
|
| 100 |
1 |
|
|a Coulton, J. J.
|9 25968
|
| 245 |
1 |
0 |
|a Ancient Greek architects at work
|b problems of structure and design
|c J.J.Coulton
|
| 260 |
|
|
|a Oxford
|b Oxbow Books
|c 1977
|
| 300 |
|
|
|a 196 p.
|b fig.
|c 24 cm.
|
| 504 |
|
|
|a Includes bibliography and index
|
| 650 |
|
4 |
|a Αρχιτεκτονική
|z Αρχαία Ελλάδα
|9 7820
|
| 651 |
|
4 |
|a Ελλάδα
|x Αρχαιότητες
|9 11748
|
| 852 |
|
|
|a GR-PaULI
|b ΠΑΤΡΑ
|b ΑΡΧΙΤΕΚΤΟΝΙΚΗ
|k ΑΣΧΞ-2
|h 722.8 COU
|m 005400
|p 025000157466
|t 1
|
| 942 |
|
|
|2 ddc
|c BK15
|
| 952 |
|
|
|0 0
|1 0
|4 0
|6 722_800000000000000_COU
|7 0
|9 64522
|a ARCH
|b ARCH
|d 2016-04-24
|i 005400
|l 2
|m 2
|o 722.8 COU
|p 025000157466
|r 2017-11-29 00:00:00
|s 2017-11-14
|t 1
|w 2016-04-24
|y BK15
|
| 998 |
|
|
|c Λοτσάρη
|d 2008-01
|
| 999 |
|
|
|c 41404
|d 41404
|